Vainqueurs de la Copa America - Mort subite - Statistiques

Statistiques générales
  • Ce quiz a été pris 334 fois
  • Le résultat moyen est 5 sur 8
Answers on the Grid
Answers color-coded by a green-red scale on the quiz's grid according to % correct below.
Argentine
Brésil
Uruguay
Chili
Colombie
Paraguay
Pérou
Bolivie
Venezuela
Suriname
Panama
États-Unis
Mexique
Équateur
Costa Rica
 
Statistiques - réponses
Réponse % Correct
Argentine
92%
Brésil
90%
Uruguay
78%
Chili
69%
Colombie
67%
Pérou
29%
Paraguay
27%
Bolivie
17%
Aucun quiz correspondant
Distribution des résultats
% des personnes avec chaque résultat
Percentile par nombre de réponses
Votre historique - résultats
Vous n’avez pas pris ce quiz